Исследование избирательности сепарации золы в шлаки при жидком шлакоудалении: Отчет о НИР

Podrobná bibliografie
Korporativní autor: Томский политехнический институт (ТПИ) (595)
Další autoři: Лебедев И. К. Иван Кириллович (руководитель), Смиренский В. Н. Виктор Николаевич (исполнитель)
Jazyk:ruština
Vydáno: Томск, 1964
Témata:
Médium: MixedMaterials Kniha
KOHA link:https://koha.lib.tpu.ru/cgi-bin/koha/opac-detail.pl?biblionumber=189122

MARC

LEADER 00000nbm0a2200000 4500
001 189122
005 20231101224203.0
035 |a (RuTPU)RU\TPU\book\205481 
090 |a 189122 
100 |a 20101220d1964 k y0rusy50 ca 
101 0 |a rus 
102 |a RU 
105 |a a p 001zy 
200 1 |a Исследование избирательности сепарации золы в шлаки при жидком шлакоудалении  |e Отчет о НИР  |f Томский политехнический институт (ТПИ) ; руководитель И. К. Лебедев , В. Н. Смиренский 
210 |a Томск  |d 1964 
215 |a 7 л. 
610 1 |a сепарация 
610 1 |a избирательность 
610 1 |a зола 
610 1 |a шлаки 
610 1 |a жидкое шлакоудаление 
610 1 |a Красноярскэнерго 
610 1 |a исследование 
610 1 |a отчеты о НИР 
610 1 |a труды учёных ТПУ 
675 |a 621.182.94(04)  |v 3 
702 1 |a Лебедев  |b И. К.  |c российский ученый  |c энергетик  |c профессор Томского политехнического института  |f 1911-1995  |g Иван Кириллович  |2 stltpush  |3 (RuTPU)RU\TPU\pers\19832  |4 673 
702 1 |a Смиренский  |b В. Н.  |c выпускник МФ СТИ 1929 г.  |c преподаватель СТИ  |f 1901-?  |g Виктор Николаевич  |2 stltpush  |3 (RuTPU)RU\TPU\pers\23423  |4 677  |9 10199 
712 0 2 |a Томский политехнический институт (ТПИ)  |c (1944-1991)  |2 stltpush  |3 (RuTPU)RU\TPU\col\1123  |4 595 
801 1 |a RU  |b 63413507  |c 20101220 
801 2 |a RU  |b 63413507  |c 20220124  |g RCR 
942 |c BK